01301naa a2200217 i 45000010005000000030009000050050017000140080039000310400021000700800012000911000129001032450078002322460033003105000021003435200239003646500022006036550030006257000127006557110065007827730236008473375KOSZ 00520180214090745.0150603s2005 pl f |100 0 pol cBPKdKOSZ 005/EG a620.1931 aHRYNIEWICZ, Tadeusz.d1996 - .bPolitechnika Koszalińska - Wydział Mechaniczny,cKatedra Elektrotechniki i Elektrochemii 10aEkonomiczne konsekwencje korozji /cTadeusz Hryniewicz, Krzysztof Rokosz.31aEconomic impact of corrosion aDane z autopsji. aW artykule omówiono istoty i przyczyny zjawisk korozyjnych. Podano graficzne podziały ekonomicznych skutków korozji na koszty bezpośrednie i pośrednie. Opisano wyniki szacunków strat korozyjnych w Polsce w latach 1959-1985. 0aKorozja i erozja. 0aMateriały konferencyjne.1 aROKOSZ, Krzysztof.d2002 - . bPolitechnika Koszalińska - Wydział Mechaniczny,cKatedra Elektrotechniki i Elektrochemii22aSłupskie Forum Motoryzacjin(8 ;d2005 ;cSłupsk, Polska).0 iW :tVIII Konferencja naukowo-techniczna nt. Współczesne technologie w motoryzacji a bezpieczeństwo ruchu drogowego : Słupsk 24.5.2005 / pod red. Leona Kukiełki. -dSłupsk : Starostwo Powiatowe w Słupsku, 2005. -gs. 77-90